000 01085nam0a22002771 4500
001 rc\459413
005 20030616171853.7
035 _a(NLR Aleph) 005703943
090 _a7306949
_c7306949
100 _a20030616d1987 u |0rusy50 ca
101 0 _arus
102 _aRU
105 _aa |||||||||
200 1 _aЭлектроразрядный эксимерный лазер с различными схемами питания и типами резонаторов
_fВ.С, Бураков, А.Ф. Бохонов, В.А. Титарчук
210 _aМинск
_cИФ
_d1987
215 _a42 с.
_cил.
_d20
225 1 _aПрепринт
_fИн-т физики АН БССР
_v№ 457
320 _aБиблиогр.: с. 39-41
700 1 _aБураков
_bВ. С.
_gВиктор Семенович
701 1 _aБохонов
_bА. Ф.
_gАлександр Федорович
701 1 _aТитарчук
_bВ. А.
_gВиктор Александрович
801 0 _aRU
_bNLR
_gpsbo
801 1 _aRU
_bELAR
_2rusmarc
852 _aNLR
_j88-4/10557
942 _cBOOK
980 _aNB